[Event "Fagernes Chess International 2014"]
[Site "Fagernes"]
[Date "2014.04.13"]
[Round "6"]
[White "Rygg, Snorre"]
[Black "Machlik, Edit"]
[Result "1/2-1/2"]
[WhiteElo "1821"]
[BlackElo "1913"]
[PlyCount "115"]
[EventDate "2014.??.??"]

1. Nf3 d5 2. d4 Nf6 3. c4 dxc4 4. Nc3 a6 5. a4 Nc6 6. e3 Bg4 7. Bxc4 e6 8. O-O
Be7 9. Bd2 O-O 10. Rc1 e5 11. dxe5 Nxe5 12. Be2 Nxf3+ 13. Bxf3 Bxf3 14. gxf3
Qd7 15. Qe2 Rad8 16. Rfd1 Qh3 17. Ne4 Nxe4 18. fxe4 Rd6 19. f3 c6 20. Bc3 Rfd8
21. Rxd6 Rxd6 22. Rd1 Rxd1+ 23. Qxd1 h6 24. Qe2 Qd7 25. Qd2 Qxd2 26. Bxd2 Bc5
27. Kf2 Kf8 28. Ke2 Ke7 29. Bc3 g6 30. Kd3 b5 31. axb5 cxb5 32. e5 Ke6 33. Ke4
Be7 34. Ba5 Bc5 35. Bc3 Bb6 36. b3 Bc7 37. h3 a5 38. f4 Bb6 39. Bd2 Bd8 40. Bc3
Bb6 41. Bd2 Bd8 42. Kd4 Bb6+ 43. Ke4 h5 44. Bc3 a4 45. bxa4 bxa4 46. Kd3 a3 47.
e4 Bg1 48. Ba1 Bh2 49. Ke3 Bg3 50. Kf3 Be1 51. Ke2 Bg3 52. Kf3 Bh4 53. Ke3 g5
54. f5+ Ke7 55. Bc3 Bg3 56. Bb4+ Ke8 57. Bxa3 Bxe5 58. Kf3
1/2-1/2

[Event "Fagernes Chess International 2014"]
[Site "Fagernes"]
[Date "2014.04.13"]
[Round "6"]
[White "Juriloo, Karl"]
[Black "Snerthammer, Daniel"]
[Result "1-0"]
[WhiteElo "1409"]
[BlackElo "1913"]
[PlyCount "51"]
[EventDate "2014.??.??"]

1. d4 e6 2. Nf3 f5 3. c4 Nf6 4. Nc3 Be7 5. e3 O-O 6. Bd3 b6 7. e4 fxe4 8. Nxe4
Bb7 9. Qc2 Qe8 10. Nxf6+ Bxf6 11. Bxh7+ Kh8 12. Bg6 Qe7 13. Qd3 e5 14. Qf5
exd4+ 15. Kd1 Bg5 16. Qxg5 Bxf3+ 17. gxf3 Qxg5 18. Bxg5 Nc6 19. Be4 Rae8 20.
Bxc6 dxc6 21. f4 Kh7 22. Kd2 c5 23. Rae1 Rc8 24. Re7 Kg6 25. Rc1 Rh8 26. h4
1-0

[Event "Fagernes Chess International 2014"]
[Site "Fagernes"]
[Date "2014.04.13"]
[Round "6"]
[White "Bjornes, Leif"]
[Black "Kizatbay, Alseit"]
[Result "1/2-1/2"]
[WhiteElo "1873"]
[BlackElo "1408"]
[PlyCount "28"]
[EventDate "2014.??.??"]

1. d4 Nf6 2. c4 e6 3. Nc3 d5 4. Bg5 Be7 5. e3 h6 6. Bh4 O-O 7. Nf3 b6 8. cxd5
Nxd5 9. Bxe7 Qxe7 10. Nxd5 exd5 11. Rc1 Be6 12. Qa4 c5 13. Qa3 Rc8 14. Ne5 Nd7
1/2-1/2

[Event "Fagernes Chess International 2014"]
[Site "Fagernes"]
[Date "2014.04.13"]
[Round "6"]
[White "Myhre, Mads Wollan"]
[Black "Mossin, Ivar Alexander"]
[Result "1-0"]
[WhiteElo "1487"]
[BlackElo "1847"]
[PlyCount "63"]
[EventDate "2014.??.??"]

1. c4 Nf6 2. d4 c5 3. d5 e6 4. Nc3 exd5 5. cxd5 d6 6. Nf3 g6 7. Bf4 Bg7 8. e4
O-O 9. Qb3 a6 10. Nd2 b5 11. f3 Re8 12. Bxb5 axb5 13. Nxb5 Bf8 14. Bg5 h6 15.
Bxf6 Qxf6 16. Nc7 Qd8 17. Nxa8 Nd7 18. Nc4 Ba6 19. Nab6 Nxb6 20. Nxb6 Rxe4+ 21.
fxe4 Qh4+ 22. Kd1 Qxe4 23. Qc2 Bd3 24. Qd2 Be7 25. h3 Bg5 26. Re1 Qf5 27. Qc3
Bf6 28. Qb3 Qh5+ 29. Kd2 Qf5 30. Qxd3 Bg5+ 31. Kc2 Qf2+ 32. Re2
1-0

[Event "Fagernes Chess International 2014"]
[Site "Fagernes"]
[Date "2014.04.13"]
[Round "6"]
[White "Gjertsen, Petter"]
[Black "Heier, Odin Nikolai"]
[Result "1/2-1/2"]
[WhiteElo "1815"]
[BlackElo "1488"]
[PlyCount "29"]
[EventDate "2014.??.??"]

1. f4 d5 2. Nf3 Nc6 3. d4 Nf6 4. e3 Bf5 5. Be2 e6 6. c3 Be7 7. O-O O-O 8. Nbd2
h6 9. Ne5 Nxe5 10. fxe5 Ne4 11. Nxe4 Bxe4 12. b3 c6 13. Bg4 Qa5 14. Bb2 Qb5 15.
Be2
1/2-1/2

[Event "Fagernes Chess International 2014"]
[Site "Fagernes"]
[Date "2014.04.13"]
[Round "6"]
[White "Arntsen, Frode"]
[Black "Kaasen, Tor Fredrik"]
[Result "1-0"]
[WhiteElo "1803"]
[BlackElo "1527"]
[PlyCount "57"]
[EventDate "2014.??.??"]

1. c4 Nf6 2. g3 g6 3. Bg2 c6 4. Nf3 Bg7 5. O-O d5 6. d4 Be6 7. c5 Qc8 8. Nc3 h6
9. b4 Bh3 10. Rb1 Bxg2 11. Kxg2 Nbd7 12. Re1 Nh7 13. e4 dxe4 14. Nxe4 O-O 15.
Bb2 Ndf6 16. Qb3 Re8 17. Ne5 Nd5 18. f4 Nhf6 19. Re2 Nxe4 20. Rxe4 Bxe5 21.
fxe5 Kg7 22. Rf1 e6 23. Bc1 Qd7 24. Qf3 Nxb4 25. Qf6+ Kh7 26. Bxh6 Rg8 27. Rh4
Qd5+ 28. Kh3 Qxd4 29. Bf4#
1-0

[Event "Fagernes Chess International 2014"]
[Site "Fagernes"]
[Date "2014.04.13"]
[Round "6"]
[White "Lien, Johan"]
[Black "Ali, Karim"]
[Result "1-0"]
[WhiteElo "1410"]
[BlackElo "1797"]
[PlyCount "113"]
[EventDate "2014.??.??"]

1. d4 f5 2. c4 Nf6 3. Nc3 e6 4. e3 Bb4 5. Bd2 c5 6. Nf3 O-O 7. Bd3 d6 8. O-O
Nc6 9. d5 Ne5 10. Nxe5 dxe5 11. e4 f4 12. f3 Nh5 13. a3 Ba5 14. Na4 Bxd2 15.
Qxd2 Ng3 16. Rfd1 b6 17. Nc3 Qh4 18. Qf2 Rf6 19. Qc2 Rh6 20. Qa4 Qxh2+ 21. Kf2
Nh1+ 22. Rxh1 Qg3+ 23. Kg1 Rxh1+ 24. Kxh1 Qh4+ 25. Kg1 Qd8 26. Kf2 Bd7 27. Qd1
Qg5 28. Qh1 Rf8 29. Qh2 Rf6 30. g3 Rh6 31. Qg2 fxg3+ 32. Qxg3 Qd2+ 33. Ne2 Qxd3
34. Rg1 Rg6 35. Qxe5 Rxg1 36. Nxg1 Qd4+ 37. Qxd4 cxd4 38. e5 Kf7 39. d6 Ba4 40.
Ke2 Kg6 41. Kd3 Kf5 42. Kxd4 h5 43. b4 Bc6 44. a4 h4 45. b5 Bd7 46. c5 bxc5+
47. Kxc5 Kxe5 48. a5 Bxb5 49. Kxb5 Kxd6 50. Ka6 Kc6 51. Kxa7 Kc7 52. f4 e5 53.
fxe5 g5 54. e6 g4 55. e7 Kd7 56. Kb7 h3 57. Ne2
1-0

[Event "Fagernes Chess International 2014"]
[Site "Fagernes"]
[Date "2014.04.13"]
[Round "6"]
[White "Merkesvik, Amalie Isabel"]
[Black "Ødegaard, Per Chr"]
[Result "0-1"]
[WhiteElo "1521"]
[BlackElo "1772"]
[PlyCount "66"]
[EventDate "2014.??.??"]

1. e4 c5 2. Nf3 Nc6 3. d4 cxd4 4. Nxd4 d6 5. Bb5 Bd7 6. Nc3 Nf6 7. Be3 e6 8.
Qd2 Be7 9. a3 a6 10. Bd3 Ng4 11. Nxc6 bxc6 12. h4 Nxe3 13. Qxe3 Bf6 14. f4 Qa5
15. Be2 Rb8 16. b4 Rxb4 17. axb4 Qxa1+ 18. Nd1 O-O 19. h5 a5 20. h6 g6 21. g4
axb4 22. f5 exf5 23. gxf5 Re8 24. fxg6 fxg6 25. Kf1 d5 26. Bf3 dxe4 27. Be2 Qe5
28. Bc4+ Be6 29. Bxe6+ Qxe6 30. Rh2 Rd8 31. Ke1 Qg4 32. Qb3+ Rd5 33. c4 Qg1+
0-1

[Event "Fagernes Chess International 2014"]
[Site "Fagernes"]
[Date "2014.04.13"]
[Round "6"]
[White "Østgaard, Pål Inge"]
[Black "Tallaksen, Henrik G"]
[Result "1-0"]
[WhiteElo "1284"]
[BlackElo "1743"]
[PlyCount "189"]
[EventDate "2014.??.??"]

1. e4 c5 2. Nf3 Nc6 3. d4 cxd4 4. Nxd4 Qb6 5. Nb3 Nf6 6. Be3 Qc7 7. Nc3 e6 8.
a3 Be7 9. f4 d6 10. Be2 a6 11. O-O b5 12. Bf3 Bb7 13. Kh1 Rc8 14. Rf2 O-O 15.
Rd2 Na5 16. Nxa5 Qxa5 17. Bd4 Rfd8 18. Qe2 b4 19. Nb1 d5 20. e5 Nd7 21. a4 Bc5
22. b3 Bxd4 23. Rxd4 Qb6 24. Rd1 a5 25. Ra2 Ba6 26. Qe1 Rc7 27. f5 Rdc8 28. Rd2
Rc6 29. Bg4 Nc5 30. fxe6 fxe6 31. Be2 Ne4 32. Bxa6 Qxa6 33. Re2 Rf8 34. Ra1 Qb6
35. h3 Qd4 36. Nd2 Rxc2 37. Nf3 Rxf3 38. Rxc2 Nf2+ 39. Kh2 Qf4+ 40. Kg1 Nxh3+
41. gxh3 Rg3+ 42. Rg2 Qd4+ 43. Kh2 Re3 44. Qd1 Qxe5+ 45. Kg1 Rxh3 46. Raa2 Qe3+
47. Raf2 Qxb3 48. Qf1 Qe3 49. Qe2 d4 50. Qxe3 Rxe3 51. Rc2 Rc3 52. Rce2 Kf7 53.
Rgf2+ Ke7 54. Re5 b3 55. Rxa5 Rc2 56. Rb5 d3 57. Rxb3 d2 58. Rd3 Ra2 59. Rfxd2
Rxa4 60. Rd7+ Kf6 61. Rf2+ Ke5 62. Rxg7 Rh4 63. Rh2 Rxh2 64. Kxh2 Ke4 65. Rxh7
e5 66. Kg2 Ke3 67. Re7 e4 68. Kf1 Kf3 69. Re8 Ke3 70. Ke1 Kf3 71. Rf8+ Ke3 72.
Rh8 Kd3 73. Rh3+ Kd4 74. Kd2 Ke5 75. Ke3 Kf5 76. Rh4 Ke5 77. Rxe4+ Kd5 78. Re8
Kd6 79. Kd4 Kd7 80. Re1 Kd6 81. Ra1 Ke6 82. Ra5 Kf6 83. Ke4 Ke7 84. Ke5 Kd7 85.
Ra6 Kc7 86. Kd5 Kb7 87. Rh6 Kc7 88. Rd6 Kb7 89. Kc5 Ka7 90. Kb5 Kb8 91. Rd7 Kc8
92. Kc6 Kb8 93. Rh7 Ka8 94. Kb6 Kb8 95. Rh8#
1-0

[Event "Fagernes Chess International 2014"]
[Site "Fagernes"]
[Date "2014.04.13"]
[Round "6"]
[White "Cerkezovic, Emir"]
[Black "Fossan, Andreas"]
[Result "1/2-1/2"]
[WhiteElo "1407"]
[BlackElo "1699"]
[PlyCount "61"]
[EventDate "2014.??.??"]

1. e4 e6 2. d4 d5 3. Nd2 Nf6 4. e5 Nfd7 5. Bd3 c5 6. c3 Nc6 7. Ngf3 cxd4 8.
cxd4 f6 9. exf6 Nxf6 10. O-O Bd6 11. Nb3 O-O 12. Bg5 Qc7 13. Bh4 Bd7 14. Bg3
Rae8 15. Rc1 Bxg3 16. hxg3 Qd6 17. Bb5 Nb8 18. Qe2 Ne4 19. Ne5 a6 20. Bd3 Nf6
21. g4 Bc6 22. g5 Ne4 23. g6 h6 24. Nxc6 Nxc6 25. Bxe4 dxe4 26. Qxe4 Rf4 27.
Qe3 Rh4 28. g3 Rg4 29. Qf3 Rxg6 30. Qe4 Rg5 31. Rc5
1/2-1/2

[Event "Fagernes Chess International 2014"]
[Site "Fagernes"]
[Date "2014.04.13"]
[Round "6"]
[White "Bue, Gunnar"]
[Black "Heitun, Odd Gunnar"]
[Result "0-1"]
[WhiteElo "1693"]
[BlackElo "1273"]
[PlyCount "106"]
[EventDate "2014.??.??"]

1. d4 Nf6 2. c4 e6 3. Nf3 Bb4+ 4. Bd2 Qe7 5. a3 Bxd2+ 6. Qxd2 O-O 7. Nc3 d6 8.
e3 b6 9. Bd3 Bb7 10. O-O Nbd7 11. e4 e5 12. b4 c6 13. Rac1 Rfc8 14. Rfe1 a6 15.
Qe2 c5 16. d5 h6 17. Rc2 Nh7 18. g3 Rf8 19. Rb2 Rfb8 20. Reb1 Bc8 21. Nh4 g6
22. Ng2 Qf8 23. Ne3 Qd8 24. h4 h5 25. Qf1 cxb4 26. axb4 Qc7 27. f4 b5 28. f5
bxc4 29. Nxc4 Ndf6 30. fxg6 fxg6 31. Rf2 Kg7 32. Rc2 Ng4 33. Kh1 Bd7 34. Nd1
Rf8 35. Qg1 Ba4 36. Rd2 Bxd1 37. Rbxd1 Rab8 38. Rb1 Rf6 39. Ne3 Qc3 40. Nxg4
hxg4 41. Qa7+ Kh6 42. Qxb8 Qxd2 43. Rf1 Rxf1+ 44. Bxf1 Qf2 45. Bg2 Qxg3 46. Qd8
Qe1+ 47. Kh2 Qxb4 48. Qc8 a5 49. Qxg4 Qd2 50. h5 Qf4+ 51. Qxf4+ exf4 52. hxg6
Kxg6 53. Bf1 Kf6
0-1

[Event "Fagernes Chess International 2014"]
[Site "Fagernes"]
[Date "2014.04.13"]
[Round "6"]
[White "Hansen, Linda Marie"]
[Black "Sajjadi, Kimiya"]
[Result "1-0"]
[WhiteElo "1685"]
[BlackElo "1503"]
[PlyCount "45"]
[EventDate "2014.??.??"]

1. e4 e5 2. d4 exd4 3. Qxd4 Nc6 4. Qe3 b6 5. Nc3 Bb7 6. Bd2 Nf6 7. O-O-O Qe7 8.
Qg3 O-O-O 9. f3 Qc5 10. Nge2 g6 11. Nf4 Ne7 12. Nd3 Qc6 13. Ne5 Qe6 14. Bc4 d5
15. exd5 Nexd5 16. Rhe1 Nh5 17. Qf2 Qf6 18. Ng4 Qf5 19. Nxd5 Bxd5 20. Re5 Qd7
21. Rxd5 Qc6 22. Rxd8+ Kxd8 23. Qd4+
1-0

[Event "Fagernes Chess International 2014"]
[Site "Fagernes"]
[Date "2014.04.13"]
[Round "6"]
[White "Yilmaz, Kazim"]
[Black "Dybvik, Bjørn Noralf"]
[Result "0-1"]
[WhiteElo "1683"]
[BlackElo "1284"]
[PlyCount "90"]
[EventDate "2014.??.??"]

1. d4 d5 2. c4 c6 3. Nc3 Nf6 4. Nf3 e6 5. Bg5 Bb4 6. Bxf6 Qxf6 7. e3 O-O 8. Ne5
Nd7 9. Nxd7 Bxd7 10. Qb3 Bxc3+ 11. Qxc3 Rfe8 12. Be2 e5 13. dxe5 Qxe5 14. Qxe5
Rxe5 15. cxd5 Rxd5 16. Rd1 Be6 17. b3 Rad8 18. Rxd5 Rxd5 19. Bc4 Rc5 20. O-O
Bxc4 21. Rc1 Ra5 22. Rxc4 Rxa2 23. f4 g6 24. e4 a5 25. e5 Ra3 26. g4 Rxb3 27.
Kf2 Rb4 28. Rxb4 axb4 29. Ke3 b3 30. Kd3 c5 31. h4 c4+ 32. Kc3 b5 33. h5 Kf8
34. hxg6 hxg6 35. f5 gxf5 36. gxf5 Ke7 37. Kb2 b4 38. Kc1 c3 39. Kb1 b2 40. Kc2
b3+ 41. Kb1 Ke8 42. f6 c2+ 43. Kxb2 Kd7 44. e6+ Kxe6 45. Kc1 Kxf6
0-1

[Event "Fagernes Chess International 2014"]
[Site "Fagernes"]
[Date "2014.04.13"]
[Round "6"]
[White "Robertsen, Bjørn"]
[Black "Skjelstad, Erling"]
[Result "0-1"]
[WhiteElo "1185"]
[BlackElo "1667"]
[PlyCount "96"]
[EventDate "2014.??.??"]

1. e4 e5 2. Nf3 f5 3. Nc3 d6 4. Bc4 Nc6 5. d3 f4 6. Bxg8 Rxg8 7. d4 Bg4 8. dxe5
dxe5 9. Qxd8+ Rxd8 10. O-O Bxf3 11. gxf3 Nd4 12. b3 Nxc2 13. Rb1 Nd4 14. Kg2
Rd6 15. Rg1 Rg6+ 16. Kf1 Rxg1+ 17. Kxg1 Nxf3+ 18. Kg2 Nd4 19. Bb2 c6 20. Na4 b5
21. Bxd4 exd4 22. Nb2 g5 23. Rd1 c5 24. Nd3 Kd7 25. Kf3 Bd6 26. e5 Be7 27. Rc1
Rc8 28. Ke4 Ke6 29. h4 h6 30. hxg5 hxg5 31. Rh1 c4 32. Nc1 d3 33. Rd1 Ba3 34.
bxc4 Bxc1 35. Rxd3 Rxc4+ 36. Rd4 Rxd4+ 37. Kxd4 Bb2+ 38. Kc5 Kxe5 39. Kxb5 g4
40. Ka6 g3 41. fxg3 fxg3 42. Kxa7 g2 43. a4 g1=Q+ 44. Kb7 Kd6 45. a5 Qg7+ 46.
Kb8 Kc6 47. a6 Qf8+ 48. Ka7 Bd4#
0-1

[Event "Fagernes Chess International 2014"]
[Site "Fagernes"]
[Date "2014.04.13"]
[Round "6"]
[White "Dyrhaug, Sverre S"]
[Black "Bakkejord, Odd Vidar"]
[Result "1-0"]
[WhiteElo "1574"]
[BlackElo "1225"]
[PlyCount "77"]
[EventDate "2014.??.??"]

1. e4 c6 2. d4 d5 3. Nc3 dxe4 4. Nxe4 Bf5 5. Ng3 Bg6 6. h4 h5 7. Nf3 Nd7 8. Bd3
Bxd3 9. Qxd3 e6 10. Bf4 Ngf6 11. Ne4 Nxe4 12. Qxe4 Nf6 13. Qe2 Nd5 14. Bg3 Qa5+
15. Nd2 Nb4 16. Nb3 Nxc2+ 17. Kd1 Nxd4 18. Nxa5 Nxe2 19. Kxe2 O-O-O 20. Rad1
Bb4 21. Nc4 Rxd1 22. Rxd1 Rd8 23. Bd6 Bxd6 24. Nxd6+ Kc7 25. Nxf7 Rxd1 26. Kxd1
Kd7 27. Kd2 Ke7 28. Ng5 Kf6 29. Ke3 Kf5 30. Nf7 b6 31. Nd6+ Ke5 32. Nc8 Kd5 33.
Nxa7 b5 34. Kf4 b4 35. Kg5 c5 36. Kxh5 c4 37. Nb5 Kc5 38. a4 b3 39. Kg6
1-0

[Event "Fagernes Chess International 2014"]
[Site "Fagernes"]
[Date "2014.04.13"]
[Round "6"]
[White "Ødegaard, Karl Eirik"]
[Black "Wærstad, Leif E"]
[Result "0-1"]
[WhiteElo "1257"]
[BlackElo "1560"]
[PlyCount "68"]
[EventDate "2014.??.??"]

1. c4 Nf6 2. Nc3 g6 3. d4 d5 4. cxd5 Nxd5 5. e4 Nxc3 6. bxc3 Bg7 7. Nf3 c5 8.
Bb5+ Nd7 9. O-O cxd4 10. cxd4 O-O 11. Be3 a6 12. Be2 Nf6 13. Bd3 b5 14. Rc1 Bb7
15. e5 Nd5 16. Qb3 Nxe3 17. fxe3 Bd5 18. Qa3 Bh6 19. Bb1 Re8 20. Rc3 Qb6 21.
Rc5 e6 22. Rcc1 Bc4 23. Rfe1 Rac8 24. Kf2 Red8 25. Bd3 Bf8 26. Qc3 a5 27. a3 b4
28. Qd2 Bxd3 29. Qxd3 b3 30. Rxc8 Rxc8 31. Rb1 a4 32. Nd2 Rc2 33. Kg3 Qc6 34.
e4 Rc3
0-1

[Event "Fagernes Chess International 2014"]
[Site "Fagernes"]
[Date "2014.04.13"]
[Round "6"]
[White "Berntsen-Øybø, August"]
[Black "Galinskyi, Mykhalo"]
[Result "0-1"]
[WhiteElo "1545"]
[BlackElo "1448"]
[PlyCount "146"]
[EventDate "2014.??.??"]

1. e4 d5 2. exd5 Qxd5 3. Nc3 Qd6 4. Nf3 a6 5. Bc4 Bg4 6. O-O Nf6 7. d3 e6 8.
Be3 Nc6 9. Ne4 Nxe4 10. dxe4 Ne5 11. Be2 Be7 12. c3 O-O 13. Nxe5 Bxe2 14. Qxe2
Qxe5 15. Bd4 Qd6 16. Rad1 e5 17. Be3 Qe6 18. b3 Rad8 19. f3 Rd6 20. Rxd6 Bxd6
21. Rd1 h6 22. Kf1 f5 23. exf5 Rxf5 24. Kg1 e4 25. Bf2 Re5 26. Bd4 exf3 27.
Qxf3 Re1+ 28. Kf2 Rxd1 29. Qxd1 Qf5+ 30. Qf3 Qc2+ 31. Qe2 Qxe2+ 32. Kxe2 Bxh2
33. Kf3 Bd6 34. Ke4 Kf7 35. c4 b6 36. Kd5 g5 37. Kc6 Ke6 38. g4 a5 39. Bg7 h5
40. gxh5 Be5 41. Bh6 g4 42. Be3 Bh2 43. h6 Kf7 44. Bd4 Kg6 45. Be3 Bd6 46. a3
g3 47. b4 axb4 48. axb4 Bxb4 49. Kxc7 Bc5 50. Bf4 g2 51. Bh2 g1=Q 52. Bxg1 Bxg1
53. Kc6 Bc5 54. Kb5 Kxh6 55. Kc6 Kg5 56. Kb5 Kf5 57. Kc6 Ke5 58. Kb5 Kd4 59.
Ka4 Kc3 60. Kb5 Kb3 61. Ka6 Kxc4 62. Kb7 b5 63. Ka6 b4 64. Ka5 b3 65. Ka6 b2
66. Kb7 b1=Q+ 67. Kc6 Qb5+ 68. Kc7 Qb6+ 69. Kc8 Qa7 70. Kd8 Qe7+ 71. Kc8 Bb6
72. Kb8 Qc7+ 73. Ka8 Qa7#
0-1

[Event "Fagernes Chess International 2014"]
[Site "Fagernes"]
[Date "2014.04.13"]
[Round "6"]
[White "Skjølingstad, Sverre"]
[Black "Landsverk, Ida"]
[Result "1-0"]
[WhiteElo "1073"]
[BlackElo "1160"]
[PlyCount "79"]
[EventDate "2014.??.??"]

1. e4 c5 2. Nf3 Nc6 3. d4 cxd4 4. Nxd4 e5 5. Nb3 Nf6 6. Nc3 Bb4 7. Bd3 Nd4 8.
Bd2 d5 9. exd5 Nxd5 10. Nxd4 exd4 11. Nxd5 Bxd2+ 12. Qxd2 Qxd5 13. Qe2+ Be6 14.
Qe4 Qa5+ 15. Ke2 O-O-O 16. a3 Rhe8 17. Kf1 Re7 18. Qe1 Qg5 19. h4 Qh6 20. Qc1
Qh5 21. Qg5 Qxg5 22. hxg5 Rde8 23. Re1 b5 24. Rxh7 g6 25. Rh4 Kd7 26. Bxb5+ Kd6
27. Bxe8 Rxe8 28. Rxd4+ Kc5 29. c3 a5 30. Re5+ Kc6 31. f4 Rb8 32. b4 axb4 33.
axb4 Ra8 34. Ra5 Rc8 35. Rc5+ Kb7 36. Rxc8 Kxc8 37. b5 Kb7 38. Rb4 Kb6 39. Kf2
f5 40. gxf6
1-0

[Event "Fagernes Chess International 2014"]
[Site "Fagernes"]
[Date "2014.04.13"]
[Round "6"]
[White "Langvik, Ulrikke"]
[Black "Larsen, Per Magnus"]
[Result "1/2-1/2"]
[WhiteElo "926"]
[BlackElo "1023"]
[PlyCount "136"]
[EventDate "2014.??.??"]

1. e4 c6 2. d4 d5 3. exd5 cxd5 4. Bd3 Nf6 5. c3 e6 6. Nf3 Bd6 7. Bg5 Nbd7 8.
O-O Qb6 9. Qc2 Qc7 10. g3 O-O 11. Re1 Re8 12. Nbd2 Nf8 13. Re2 N6d7 14. Rae1 f6
15. Be3 e5 16. dxe5 fxe5 17. Bf5 Nc5 18. Bxc5 Bxc5 19. Rxe5 Bxf5 20. Qxf5 Qf7
21. Qxf7+ Kxf7 22. Rxd5 Rxe1+ 23. Nxe1 Bb6 24. Nc4 Bc7 25. Nd6+ Ke7 26. Nc4 Ke6
27. Rd4 Nd7 28. f4 Nf6 29. Nf3 Rd8 30. Rxd8 Bxd8 31. Kf1 b5 32. Nce5 Kd5 33.
Ke2 Ne4 34. Ke3 Nc5 35. b4 Nb7 36. h4 a5 37. bxa5 Nxa5 38. Kd3 Nb7 39. Nd4 Nc5+
40. Ke3 Ba5 41. Nxb5 Na4 42. c4+ Kc5 43. Kd3 Nb2+ 44. Ke4 Nxc4 45. Nxc4 Kxc4
46. Nd6+ Kc3 47. Kf5 Kd3 48. Ke6 Ke2 49. Kf7 Bc3 50. a4 Kf3 51. f5 Bd4 52. g4
Kxg4 53. Kg8 h5 54. a5 Kxh4 55. Ne8 Kg4 56. Nxg7 h4 57. Ne6 h3 58. Nxd4 h2 59.
f6 h1=Q 60. f7 Qd5 61. a6 Qg5+ 62. Kf8 Qd8+ 63. Kg7 Qxd4+ 64. Kg8 Qd8+ 65. f8=Q
Qd5+ 66. Qf7 Qa8+ 67. Kg7 Qxa6 68. Qd7+ Kg3
1/2-1/2

[Event "Fagernes Chess International 2014"]
[Site "Fagernes"]
[Date "2014.04.13"]
[Round "7"]
[White "Theting, Helge E."]
[Black "Flaata, Alexander R."]
[Result "0-1"]
[WhiteElo "1943"]
[BlackElo "2111"]
[PlyCount "60"]
[EventDate "2014.??.??"]

1. Nf3 f5 2. d4 Nf6 3. c4 e6 4. Nc3 Be7 5. Bf4 d6 6. Qc2 O-O 7. h3 Ne4 8. Nxe4
fxe4 9. Qxe4 d5 10. cxd5 exd5 11. Qe5 Nc6 12. Qxc7 Bb4+ 13. Kd1 Qe8 14. Be3 Rf6
15. Qg3 Bf5 16. Bg5 Rf7 17. Bd2 Bxd2 18. Kxd2 Rc8 19. e3 Qd8 20. Rc1 Qa5+ 21.
Kd1 Qxa2 22. Nd2 Nb4 23. Rxc8+ Bxc8 24. e4 Qa1+ 25. Ke2 b6 26. f3 Qxb2 27. Qb8
Rf8 28. Qd6 Ba6+ 29. Kf2 Qxd2+ 30. Kg1 Bxf1
0-1

[Event "Fagernes Chess International 2014"]
[Site "Fagernes"]
[Date "2014.04.13"]
[Round "7"]
[White "Kjølberg, Jens Hjorth"]
[Black "Løbersli, Henrik Øie"]
[Result "1/2-1/2"]
[WhiteElo "2092"]
[BlackElo "1857"]
[PlyCount "133"]
[EventDate "2014.??.??"]

1. c4 e5 2. Nc3 Bb4 3. Nd5 Be7 4. g3 d6 5. Bg2 c6 6. Nxe7 Qxe7 7. d3 f5 8. e3
Nf6 9. Ne2 O-O 10. O-O Be6 11. b3 d5 12. Bb2 Bf7 13. Qc2 Nbd7 14. Rac1 Rad8 15.
Rfe1 dxc4 16. bxc4 e4 17. dxe4 Nxe4 18. Nd4 Bg6 19. Qa4 c5 20. Nf3 b6 21. Red1
Nb8 22. Ne5 Rxd1+ 23. Rxd1 Be8 24. Qc2 Ng5 25. Bd5+ Kh8 26. Qc3 Nd7 27. Nc6 Qf6
28. Qxf6 Nxf6 29. Nxa7 Bh5 30. Rd2 Rd8 31. Bxf6 gxf6 32. Nc6 Rd6 33. Rb2 Nf3+
34. Kg2 Ne5 35. Rxb6 Kg7 36. Rb7+ Kh6 37. Ne7 Bg6 38. Nxg6 hxg6 39. Ra7 Rb6 40.
Ra5 Rb2 41. Rxc5 Rxa2 42. Rc8 Ng4 43. Kg1 Ra1+ 44. Kg2 Ra2 45. Re8 Rxf2+ 46.
Kg1 Re2 47. c5 Ne5 48. c6 Rc2 49. Re6 Kg5 50. Kf1 Nd3 51. Re7 Nb4 52. Bf3 Kh6
53. Re6 Kg7 54. Rd6 Kf7 55. Rd7+ Ke6 56. Rg7 g5 57. c7 Na6 58. h4 gxh4 59. gxh4
Rxc7 60. Rg8 Rh7 61. h5 Nc7 62. Rb8 Kd6 63. Rb6+ Ke5 64. Ke2 Ne6 65. Rb5+ Kd6
66. Rb6+ Ke5 67. Rb5+
1/2-1/2

[Event "Fagernes Chess International 2014"]
[Site "Fagernes"]
[Date "2014.04.13"]
[Round "7"]
[White "Laverton, Christian"]
[Black "Hølleland, Sigve"]
[Result "0-1"]
[WhiteElo "2080"]
[BlackElo "1871"]
[PlyCount "56"]
[EventDate "2014.??.??"]

1. d4 d5 2. c4 dxc4 3. e4 Nf6 4. e5 Nd5 5. Bxc4 Nb6 6. Be2 Nc6 7. Be3 Nd5 8.
Nf3 Bf5 9. Nc3 Nxe3 10. fxe3 e6 11. O-O Be7 12. Qb3 Rb8 13. Rad1 O-O 14. Bd3
Bxd3 15. Rxd3 Nb4 16. Rd2 Nd5 17. e4 Nxc3 18. bxc3 c6 19. c4 b5 20. Kh1 Qa5 21.
Rc1 Bg5 22. Rdc2 Bxc1 23. Rxc1 bxc4 24. Qxc4 Rb6 25. h4 h6 26. Qe2 Rfb8 27. Rc2
Qa3 28. Qc4 Qe3
0-1

[Event "Fagernes Chess International 2014"]
[Site "Fagernes"]
[Date "2014.04.13"]
[Round "7"]
[White "Bentsen, Håkon"]
[Black "Ayzenberg, Alena"]
[Result "1-0"]
[WhiteElo "2074"]
[BlackElo "1929"]
[PlyCount "145"]
[EventDate "2014.??.??"]

1. e4 c6 2. d4 d5 3. Nc3 dxe4 4. Nxe4 Nd7 5. Nf3 Ngf6 6. Nxf6+ Nxf6 7. Bc4 Bf5
8. O-O e6 9. c3 Bd6 10. Bg5 Qc7 11. Bh4 h6 12. Re1 O-O-O 13. Qe2 g5 14. Bg3 Bg4
15. Bxd6 Qxd6 16. Qe5 Bxf3 17. Qxf6 Bh5 18. Re5 Rde8 19. f4 Qd8 20. Qxd8+ Kxd8
21. fxg5 Reg8 22. gxh6 Rxh6 23. Rf1 Rgh8 24. Rf2 Bg6 25. g3 Bf5 26. h4 Rg6 27.
Kh2 b6 28. Be2 Kd7 29. Bf3 Rg7 30. Bg2 Kd6 31. Re3 Bb1 32. Rf1 Bf5 33. c4 Bg4
34. Ra3 f5 35. c5+ bxc5 36. dxc5+ Ke5 37. b4 Rb8 38. Rb3 Rgb7 39. a3 Rc7 40.
Re1+ Kf6 41. Rbe3 a5 42. Rxe6+ Kg7 43. Rxc6 Rxc6 44. Bxc6 axb4 45. axb4 Rxb4
46. Rc1 Rb2+ 47. Kg1 Rb3 48. Kf2 Rb2+ 49. Kf1 Rb3 50. Bd7 Rxg3 51. c6 Rh3 52.
Kg2 Ra3 53. c7 Bf3+ 54. Kh2 Bb7 55. Bxf5 Kf6 56. Bg4 Ke7 57. Rb1 Ba6 58. Rb6
Rc3 59. Rxa6 Rxc7 60. Rg6 Rc2+ 61. Kg3 Rc3+ 62. Kf4 Kf7 63. h5 Rc1 64. Be6+ Ke7
65. Bd5 Rf1+ 66. Ke3 Rf5 67. Bf3 Ra5 68. h6 Kf7 69. Rg1 Re5+ 70. Kf4 Rb5 71. h7
Rb4+ 72. Be4 Rb8 73. Rg8
1-0

[Event "Fagernes Chess International 2014"]
[Site "Fagernes"]
[Date "2014.04.13"]
[Round "7"]
[White "Taksrud, Vidar"]
[Black "Skjelstad, Erling"]
[Result "1-0"]
[WhiteElo "2052"]
[BlackElo "1667"]
[PlyCount "58"]
[EventDate "2014.??.??"]

1. d4 f5 2. Nf3 Nf6 3. g3 e6 4. Bg2 d5 5. O-O Bd6 6. c4 c6 7. Nc3 Ne4 8. c5 Bc7
9. Nxe4 fxe4 10. Bg5 Qd7 11. Ne5 Bxe5 12. dxe5 O-O 13. Qd4 Qc7 14. f3 exf3 15.
Rxf3 Nd7 16. Be7 Rxf3 17. Bd6 Qxd6 18. exd6 e5 19. Qh4 Rf8 20. Rf1 Nf6 21. e4
Be6 22. Qg5 dxe4 23. Qxe5 Bxa2 24. b4 Bd5 25. Bh3 Kh8 26. d7 a5 27. bxa5 Rxa5
28. Rxf6 gxf6 29. d8=Q fxe5
1-0

[Event "Fagernes Chess International 2014"]
[Site "Fagernes"]
[Date "2014.04.13"]
[Round "7"]
[White "Maloberti, David"]
[Black "Dahl, Trygve"]
[Result "0-1"]
[WhiteElo "2048"]
[BlackElo "1867"]
[PlyCount "108"]
[EventDate "2014.??.??"]

1. d4 f5 2. c4 e6 3. Nc3 Nf6 4. Bg5 c6 5. e3 d5 6. Qc2 Be7 7. Bd3 Ne4 8. Bxe7
Qxe7 9. Nf3 O-O 10. O-O Nd7 11. a3 Rf6 12. Ne5 Rh6 13. g3 Nxe5 14. dxe5 Bd7 15.
b4 Qg5 16. f4 Qh5 17. Bxe4 fxe4 18. c5 Qe8 19. Ne2 Rg6 20. Kg2 Qe7 21. Kh1 h5
22. Rg1 Kh7 23. Nd4 Rh6 24. h4 Kg6 25. Nf3 b6 26. Ng5 bxc5 27. bxc5 Rhh8 28. g4
Rab8 29. Qg2 Rb3 30. gxh5+ Kh6 31. Qg4 Be8 32. Nxe6 Bxh5 33. Qg5+ Qxg5 34. Rxg5
g6 35. Rg3 Bf3+ 36. Kh2 Rxe3 37. Rag1 Re2+ 38. Kh3 Bh5 39. Nd4 Rf2 40. Nxc6 Rc8
41. Nd4 Rxf4 42. Re3 Rf2 43. Rc1 Rd2 44. Nb3 Rd3 45. Rxd3 exd3 46. e6 Kg7 47.
Rf1 Rc7 48. Rf4 Bd1 49. Na5 d2 50. Rd4 Rxc5 51. Nb7 Bg4+ 52. Kg2 d1=Q 53. Rxd1
Rc2+ 54. Kg3 Bxd1
0-1

[Event "Fagernes Chess International 2014"]
[Site "Fagernes"]
[Date "2014.04.13"]
[Round "7"]
[White "Ghaderi, Arman K"]
[Black "Kristiansen, Willy"]
[Result "1-0"]
[WhiteElo "1843"]
[BlackElo "2017"]
[PlyCount "61"]
[EventDate "2014.??.??"]

1. e4 c6 2. d4 d5 3. f3 dxe4 4. fxe4 e5 5. Nf3 Bg4 6. Bc4 Nd7 7. c3 Bh5 8. O-O
Ngf6 9. Qb3 b5 10. Be2 Bg6 11. a4 a6 12. axb5 cxb5 13. Bg5 Be7 14. dxe5 Nxe4
15. Bxe7 Qb6+ 16. Nd4 Kxe7 17. Bf3 Rac8 18. Bxe4 Nc5 19. Qa2 Nxe4 20. Qxa6 Qxa6
21. Rxa6 Ra8 22. Rb6 Nc5 23. Na3 Nd7 24. Rb7 Be4 25. Rc7 b4 26. Nab5 bxc3 27.
Nxc3 Bg6 28. Nd5+ Kd8 29. e6 Nf6 30. e7+ Ke8 31. Rxf6
1-0